| 000 | 00894nam a2200241 i 4500 | ||
|---|---|---|---|
| 001 | 74078 | ||
| 003 | ES-MaACL | ||
| 005 | 20250801090222.0 | ||
| 007 | t| | ||
| 008 | 040915s1977 sp ||||1| spa d | ||
| 020 | _a84-265-7205-7 | ||
| 080 | _a860-22"17" | ||
| 100 | 1 |
_aGonzález del Castillo, Juan Ignacio. _958583 |
|
| 245 | 1 | 3 |
_aEl café de Cádiz y otros sainetes / _cJuan Ignacio González del Castillo ; edición, introducción y notas, Carmen Bravo-Villasante. |
| 260 |
_aMadrid : _bMagisterio Español, _c1977. |
||
| 300 |
_a281 p. : _bil. ; _c18 cm. |
||
| 490 | 1 |
_aNovelas y cuentos ; _v203. Literatura española. Teatro siglo XVIII |
|
| 504 | _aBibliografía: p. 22-23. | ||
| 700 | 1 |
_aBravo-Villasante, Carmen, _d1918-1994 _931507 |
|
| 830 | 1 | 0 |
_aNovelas y cuentos _v203. Literatura española. Teatro siglo XVIII _9179596 |
| 852 |
_aES-MaACL _jA-8235 |
||
| 999 |
_c74078 _d74078 |
||